Ciencias sociales : cuarto grado /

Guardat en:
Dades bibliogràfiques
Autor corporatiu: México. Secretaría de Educación Pública, Comisión Nacional de Libros de Texto Gratuitos (México)
Format: Llibre
Idioma:espanyol
Publicat: México : Secretaría de Educación Pública, 1988, c1986
Matèries:
Etiquetes: Afegir etiqueta
Sense etiquetes, Sigues el primer a etiquetar aquest registre!

MARC

LEADER 00000nam^a2200000^a^4500
001 000041464
005 20250521000000.0
009 20260310085657.724
020 |a 968-29-0144-8 
037 |a Acervo ITESO - Biblioteca 
041 |a ESP 
082 |a 371. 32  |b TEX PRI-4 SOC 
110 |a México.  |b Secretaría de Educación Pública 
240 1 1 |a [Primaria: libros de texto gratuito] 
245 1 0 |a Ciencias sociales :  |b cuarto grado /  |c SEP. 
264 4 |a México :  |b Secretaría de Educación Pública,  |c 1988, c1986 
300 |a 138, [6] p. 
336 |a texto  |b txt  |2 rdacontenido 
337 |a sin mediación  |b n  |2 rdamedio 
338 |a volumen  |b nc  |2 rdasoporte 
649 |a XX 
650 |a Ciencias Sociales -  |z México -  |x Estudio y Enseñanza -  |x Tema Principal 
650 |a Libros de Texto Gratuitos -  |z México -  |x Tema Principal 
650 |a Educación Primaria -  |z México 
650 |a Educación Pública -  |z México 
710 |a Comisión Nacional de Libros de Texto Gratuitos (México) 
910 |a Fondo General 
920 |a Impresos - Libros 
930 |a Colección General 
905 |a 101 
901 |a 0500003153  |b IT1  |c ACC  |i 041464  |u 20250521 
902 |a https://opac.biblio.iteso.mx/vufind/Record/000041464